| 000 | 00735nam a2200289Ia 4500 | ||
|---|---|---|---|
| 008 | 160803s9999 xx 000 0 und d | ||
| 020 | _a978-0590898003 | ||
| 100 | _aWolff, Virginia Euwer | ||
| 245 | _aBat 6 / | ||
| 245 | _cVirginia Euwer Wolff. | ||
| 260 | _aNew York : | ||
| 260 | _bScholastic Inc. | ||
| 260 | _c1998 | ||
| 300 | _a230 pages ; | ||
| 300 | _c22 cm | ||
| 650 | _aCity and town life -- | ||
| 650 | _aOregon -- | ||
| 650 | _aSoftball -- | ||
| 650 | _aSoftball -- | ||
| 650 | _aWorld War, 1939-1945 -- United States -- | ||
| 650 | _xFiction. | ||
| 650 | _xJuvenile fiction. | ||
| 650 | _xJuvenile fiction. | ||
| 650 | _xJuvenile fiction. | ||
| 650 | _xJuvenile fiction. | ||
| 700 | _a930 | ||
| 999 |
_c298432 _d298432 |
||